| 000 | 01856nam a2200301 a 4500 | ||
|---|---|---|---|
| 001 | 79681 | ||
| 003 | BD-RjUL | ||
| 005 | 20250715170534.0 | ||
| 008 | 220410s2005 bg ||||| m||| 00| 0 ben d | ||
| 035 | _a(BD-RjUL)79681 | ||
| 040 |
_aBD-RjUL _bben/eng _cBD-RjUL _dBD-RjUL |
||
| 041 | _aben | ||
| 082 |
_223 _a891.44409 _bHAP 2010 |
||
| 100 |
_aহক, মো. ইমদাদুল _92325 |
||
| 245 | 1 | 0 |
_aপ্রাবন্ধিক অন্নদাশঙ্কর রায় / _cমো. ইমদাদুল হক ; _6গবেষণা তত্ত্বাবধায়ক: শামীমা হামিদ |
| 260 |
_aরাজশাহী : _bবাংলা বিভাগ, রাজশাহী বিশ্ববিদ্যালয়, _c[২০১০] |
||
| 300 |
_a[৪], vii, [১], ২০৮ পাতা ; _c২৯ সেমি. |
||
| 502 | _aথিসিস (এম.ফিল.)--বাংলা বিভাগ, রাজশাহী বিশ্ববিদ্যালয়, [২০১০] | ||
| 504 | _aগ্রন্থসূচি : পাতা ২০৩-২০৮ | ||
| 600 |
_aরায়, অন্নদাশঙ্কর _d১৯০৪-২০০২ খ্রিষ্টাব্দ _xজীবনী _95414 |
||
| 600 |
_aRay, Annadashankar _d1904-2002 A. D. _xBiography _95415 |
||
| 600 |
_aরায়, অন্নদাশঙ্কর _d১৯০৪-২০০২ _xব্যাখা ও সমালোচনা _92328 |
||
| 600 |
_aRay, Annadashankar _d1904-2002 _xInterpretation and Criticism _95416 |
||
| 650 |
_aবাংলা প্রবন্ধ _xইতিহাস ও সমালোচনা _92330 |
||
| 650 |
_aBengali Essays _xHistory and Criticism _92331 |
||
| 700 |
_aহামিদ, শামীমা, গবেষণা তত্ত্বাবধায়ক _92332 |
||
| 942 |
_2ddc _cTHE |
||
| 999 |
_c79681 _d79681 |
||